Формализация схемы превращений углеводородов в процессе дегидрирования высших алканов С9-С14 на поверхности платиновых катализаторов; Известия Томского политехнического университета [Известия ТПУ]; Т. 314, № 3 : Химия
| Parent link: | Известия Томского политехнического университета [Известия ТПУ]/ Томский политехнический университет (ТПУ).— , 2000- Т. 314, № 3 : Химия.— 2009.— [С. 85-89] |
|---|---|
| Muut tekijät: | , , , , |
| Yhteenveto: | Заглавие с титульного листа Электронная версия печатной публикации На основе квантово-химических расчетов показана термодинамическая вероятность протекания химических реакций в процессе дегидрирования высших алканов С9-С14 и предложен уровень формализации механизма превращений на платиновом катализаторе. Составленная схема превращений стала основой кинетической модели процесса дегидрирования высших алканов С9-С14 на платиновом катализаторе, позволяющей учесть влияние химического состава сырья на эффективность его работы. |
| Kieli: | venäjä |
| Julkaistu: |
2009
|
| Sarja: | Химия |
| Aiheet: | |
| Linkit: | http://www.lib.tpu.ru/fulltext/v/Bulletin_TPU/2009/v314/i3/19.pdf |
| Aineistotyyppi: | MixedMaterials Elektroninen Kirjan osa |
| KOHA link: | https://koha.lib.tpu.ru/cgi-bin/koha/opac-detail.pl?biblionumber=175053 |
MARC
| LEADER | 00000nla2a2200000 4500 | ||
|---|---|---|---|
| 001 | 175053 | ||
| 005 | 20241211063200.0 | ||
| 035 | |a (RuTPU)RU\TPU\book\189818 | ||
| 035 | |a RU\TPU\book\189799 | ||
| 090 | |a 175053 | ||
| 100 | |a 20100208d2009 k y0rusy50 ca | ||
| 101 | 0 | |a rus | |
| 102 | |a RU | ||
| 135 | |a drnn ---uucaa | ||
| 181 | 0 | |a i | |
| 182 | 0 | |a b | |
| 200 | 1 | |a Формализация схемы превращений углеводородов в процессе дегидрирования высших алканов С9-С14 на поверхности платиновых катализаторов |f Е. В. Францина [и др.] | |
| 203 | |a Текст |c электронный | ||
| 215 | |a 1 файл (374 Кб) | ||
| 225 | 1 | |a Химия | |
| 300 | |a Заглавие с титульного листа | ||
| 300 | |a Электронная версия печатной публикации | ||
| 320 | |a [Библиогр.: с. 89 (8 назв.)] | ||
| 330 | |a На основе квантово-химических расчетов показана термодинамическая вероятность протекания химических реакций в процессе дегидрирования высших алканов С9-С14 и предложен уровень формализации механизма превращений на платиновом катализаторе. Составленная схема превращений стала основой кинетической модели процесса дегидрирования высших алканов С9-С14 на платиновом катализаторе, позволяющей учесть влияние химического состава сырья на эффективность его работы. | ||
| 337 | |a Adobe Reader | ||
| 461 | 1 | |0 (RuTPU)RU\TPU\book\176237 |t Известия Томского политехнического университета [Известия ТПУ] |f Томский политехнический университет (ТПУ) |d 2000- | |
| 463 | 1 | |0 (RuTPU)RU\TPU\book\189586 |x 1684-8519 |t Т. 314, № 3 : Химия |v [С. 85-89] |d 2009 |p 146 с. | |
| 610 | 1 | |a дегидрирование | |
| 610 | 1 | |a углеводороды | |
| 610 | 1 | |a квантово-химические расчеты | |
| 610 | 1 | |a термодинамика | |
| 610 | 1 | |a моделирование | |
| 610 | 1 | |a линейный алкилбензол | |
| 610 | 1 | |a труды учёных ТПУ | |
| 610 | 1 | |a электронный ресурс | |
| 701 | 1 | |a Францина |b Е. В. |c химик-технолог |c доцент Томского политехнического университета, кандидат технических наук |f 1985- |g Евгения Владимировна |3 (RuTPU)RU\TPU\pers\25034 |9 11167 | |
| 701 | 1 | |a Афанасьева |b Ю. И. |c химик-технололог |c магистрант Томского политехнического университета |f 1988- |g Юлия Ивановна |3 (RuTPU)RU\TPU\pers\25604 | |
| 701 | 1 | |a Функ |b А. А. |c российский химик-органик |c инженер Томского политехнического университета, кандидат химических наук |f 1983- |g Андрей Андреевич |3 (RuTPU)RU\TPU\pers\25505 | |
| 701 | 1 | |a Ивашкина |b Е. Н. |c химик-технолог |c профессор Томского политехнического университета, доктор технических наук |f 1983- |g Елена Николаевна |y Томск |3 (RuTPU)RU\TPU\pers\24965 |9 11119 | |
| 701 | 1 | |a Кравцов |b А. В. |c химик-технолог |c профессор-консультант Томского политехнического университета, доктор технических наук |f 1938- |g Анатолий Васильевич |3 (RuTPU)RU\TPU\pers\19827 | |
| 801 | 1 | |a RU |b 63413507 |c 20090623 |g PSBO | |
| 801 | 2 | |a RU |b 63413507 |c 20211210 |g PSBO | |
| 856 | 4 | |u http://www.lib.tpu.ru/fulltext/v/Bulletin_TPU/2009/v314/i3/19.pdf | |
| 942 | |c CF | ||